000 00641nam a22002177a 4500
999 _c160920
_d160920
005 20190216170103.0
006 a|||||f|||| 00| 0
007 tc
008 180720b xxu||||| |||| 00| 0 eng d
010 _aBR-003116
020 _c05.00
035 _aBR-003116
037 _bA.I.C.B.
082 _aS
245 _aLittle Elephant throws a Party
260 _aNew Delhi
_bA.C.I.B.
_cN.D.
270 _aSector-5, Rohini,
_bNew Delhi
_e110085
300 _avarious pages.
_c30cm(HB).
942 _2ddc
_cBRLEN
_hS
_mLIT